000 00814nam a2200289 a 4500
003 AR-BaBNM
005 20251128202737.0
008 082120s2002 ||||||||||||||000 | spa||
020 _a84-7100-566-2
040 _cAR-BaBNM
100 1 _aArmas Chitty, José Antonio de
245 0 0 _aLa independencia de Venezuela
250 _a1ª ed.
260 _aMadrid
_bMapfre
_c1992
300 _a230 p.
_btablas
490 0 _aIndependencia de Iberoamérica
_vv. 9
500 _aApéndices p. 199-217
650 4 _aMOVIMIENTOS EMANCIPADORES LATINOAMERICANOS
650 4 _aPERIODO INDEPENDIENTE
650 4 _aHISTORIA POLITICA
650 4 _aCIENCIAS POLITICAS
651 4 _aVenezuela
800 1 _aGallego, José Andrés
_ecoordinador
800 1 _aRamos, Demetrio
_edirector
942 _cBK
998 _cmariana
999 _c360
_d360